000
00214nam a22000857a 4500
008
170527b xxu||||| |||| 00| 0 eng d
100
_9
3159
_a
Thomas.M.etal.
245
_a
Joy of Grammar-7
260
_a
New delhi
_b
A.I.
_c
2008
999
_c
6456
_d
6456